LIBRARY & INFORMATION CENTRE, KCAET, TAVANUR

ONLINE PUBLIC ACCESS CATALOGUE (OPAC)

Kerala sahitya charitram / (Record no. 4137)

MARC details
000 -LEADER
fixed length control field 00479cam a2200181ua 4500
041 ## - LANGUAGE CODE
Language code of text/sound track or separate title mal
082 ## - DEWEY DECIMAL CLASSIFICATION NUMBER
Classification number 894.812 09
Item number PAR/KE
100 ## - MAIN ENTRY--AUTHOR NAME
Personal name Parameswara Aiyer, Ullur.
245 ## - TITLE STATEMENT
Title Kerala sahitya charitram /
250 ## - EDITION STATEMENT
Edition statement 1 /
260 ## - PUBLICATION, DISTRIBUTION, ETC. (IMPRINT)
Place of publication Thiruvananthapuram :
Name of publisher University of Kerala ,
Year of publication 1962.
300 ## - PHYSICAL DESCRIPTION
Number of Pages 682 ; .
942 ## - ADDED ENTRY ELEMENTS (KOHA)
Koha item type Books
Holdings
Withdrawn status Lost status Damaged status Home library Current library Date acquired Full call number Accession Number Koha item type
Withdrawn     KAUAET Malayalam University 07/04/2012 894.812 09 9364 Books
free website counter